• 首页
  • 本馆介绍
  • 公告通知
  • 最新文献
  • 馆藏检索
  • 电子资源
  • 读者导购
  • 参考咨询
  • 我的图书馆
  • 登录
  • 详细信息显示
  • 放入我的书架
  • 预约/预借图书
  • 作者相关作品
  • 分类相关作品
  • 丛书相关作品
  • 出版社相关作品

书目信息

  • 表格格式
  • 工作单格式
  • 卡片格式
题名:
黄钟大吕之音
    
 
作者: 李炳海 著
分册:  
出版信息: 长春   吉林人民出版社  2005
页数: 554页
开本: 20cm
丛书名:
单 册:
中图分类: I222.4
科图分类:
主题词: 赋--中国--古代--选集 , 赋
电子资源:
ISBN: 7-206-03704-6
000 00935nam0 2200277 45
001 012005200142
005 20070109144627.42
010    @a7-206-03704-6@dCNY43.80
092    @aCN@b468401
100    @a20051017d2005 em y0chiy0120 ea
101 0  @achi
102    @aCN@b220000
105    @ay z 000yy
200 1  @a黄钟大吕之音@9huang zhong da lu^ zhi yin@e古代辞赋的文本阐释@f李炳海著
205    @a2版
210    @a长春@c吉林人民出版社@d2005
215    @a554页@d20cm
300    @a国家社会科学基金项目最终成果 东北师范大学社会科学学术丛书
330    @a本书收录了《九歌·湘君》、《九歌·山鬼》、《九歌·国殇》、《渔父》、《九辩》等中国古代著名辞赋,每篇都提供了题解和注释。
517 1  @a古代辞赋的文本阐释@9gu dai ci fu de wen ben chan shi
606 0  @a赋@y中国@z古代@j选集
606 0  @a赋
690    @aI222.4@v4
701  0 @a李炳海@9li bing hai@4著
801  0 @aCN@bLZJBOOK@c20070109
905    @a10447@dI222.4@e510=2
    
    黄钟大吕之音:古代辞赋的文本阐释/李炳海著.-2版.-长春:吉林人民出版社,2005
    554页;20cm
    国家社会科学基金项目最终成果 东北师范大学社会科学学术丛书
    
    ISBN 7-206-03704-6:CNY43.80
    本书收录了《九歌·湘君》、《九歌·山鬼》、《九歌·国殇》、《渔父》、《九辩》等中国古代著名辞赋,每篇都提供了题解和注释。
●
相关链接 在E读中查询图书 在五车中查询图书 在当当中查询图书 在豆瓣中查询图书


正题名:黄钟大吕之音     索取号:I222.4/510=2         预约/预借

序号 登录号 条形码 馆藏地/架位号 状态 备注
1 0563185   205631850   第一样本阅览室/ [索取号:I222.4/510=2] 在馆    
2 0563186   205631869   第二借阅区/ [索取号:I222.4/510=2] 在馆    
3 0563187   205631878   第二借阅区/ [索取号:I222.4/510=2] 在馆    
4 0563188   205631887   第二借阅区/ [索取号:I222.4/510=2] 在馆    
5 0563189   205631896   第二借阅区/ [索取号:I222.4/510=2] 在馆    
6 0563190   205631903   第二借阅区/ [索取号:I222.4/510=2] 在馆    
7 0563191   205631912   第二借阅区/ [索取号:I222.4/510=2] 在馆    
8 0563192   205631921   第二借阅区/ [索取号:I222.4/510=2] 在馆    
唐山师范学院图书馆 欢迎您!
大连网信软件有限公司© 版权所有